000
00256nam a22000977a 4500
999
_c
529008
_d
529008
082
_a
SNT A72 B11
100
_a
Karna, Binay
_9
50622
245
_a
Lucent's General Knowledge 2024
_b
by Binay Karna
260
_a
Patna
_b
Lucent Publication
_c
2007
300
_a
410p.